| 000 | 00602 a2200193 4500 | ||
|---|---|---|---|
| 999 |
_c183070 _d183070 |
||
| 005 | 20211215170336.0 | ||
| 010 | _aENG-130342 | ||
| 020 |
_c299.00 _a978-93-89253-16-0 |
||
| 035 | _aEN-113874 | ||
| 037 | _bDBAD / PUB | ||
| 082 | _a629.4 | ||
| 100 | _aPonvannan, Gayathri | ||
| 245 |
_a501 Facts Factory: _cGayathri Ponvannan |
||
| 250 | _a2020 | ||
| 260 |
_bHachette Book Publishing India Pvt. Ltd _c2020 _aGurugram |
||
| 270 |
_bHaryana _a4th & 5th Floors Corporate Centre, Plot No. 94, Sector 44 _e122003 |
||
| 300 |
_a167p. _c20cm (pbk) |
||
| 942 |
_adpl _cEN _2ddc _h629.4 _mPON |
||